[Event "4NCL Online Division 2"]
[Site "online"]
[Date "2020.05.26"]
[Round "8.32"]
[White "Burrows, Martin P"]
[Black "Hasson, Peter"]
[Result "1-0"]
[WhiteElo "2125"]
[BlackElo "2095"]
[PlyCount "175"]
[EventDate "2020.05.26"]
[WhiteTeam "Wigston 1"]
[BlackTeam "CSC 1"]

1. e4 e6 2. d4 d5 3. Nc3 Nc6 4. Nf3 Nf6 5. e5 Ne4 6. Bd3 Bb4 7. Bd2 Nxd2 8.
Qxd2 b6 9. a3 Bf8 10. h4 Bb7 11. Qf4 Qd7 12. h5 h6 13. g4 O-O-O 14. Nh4 Be7 15.
Ne2 Bxh4 16. Rxh4 Rdf8 17. Qe3 Kb8 18. O-O-O f6 19. Bb5 Qd8 20. Bxc6 Bxc6 21.
Rh2 Be8 22. Nf4 Qd7 23. exf6 Rxf6 24. Nd3 Rhf8 25. f4 Qd6 26. Re1 g6 27. hxg6
Bxg6 28. Ne5 Be4 29. Rf1 Kb7 30. Rff2 c5 31. dxc5 bxc5 32. Rh5 Ka8 33. Kb1 Qc7
34. Qg3 c4 35. Qe3 c3 36. Qxc3 Qxc3 37. bxc3 Rxf4 38. Rxf4 Rxf4 39. Rxh6 Rf2
40. Nd3 Rg2 41. Rxe6 Rxg4 42. Nc5 Kb8 43. c4 Rg1+ 44. Kb2 Rg2 45. Nxe4 dxe4 46.
Rxe4 Kc7 47. Rh4 Rg3 48. Rh6 Rf3 49. c3 Rf1 50. a4 a5 51. Rh5 Kb6 52. Rb5+ Ka6
53. c5 Rf4 54. Kb3 Rh4 55. Rb8 Rh1 56. Rd8 Kb7 57. Kc4 Kc6 58. Rd6+ Kc7 59. Kb5
Rc1 60. c4 Rb1+ 61. Kxa5 Rb2 62. Rb6 Rc2 63. Kb4 Rb2+ 64. Kc3 Ra2 65. Kb3 Ra1
66. Rh6 Rb1+ 67. Kc3 Ra1 68. Kb4 Rb1+ 69. Ka5 Rc1 70. Kb5 Rb1+ 71. Ka6 Rb4 72.
a5 Rxc4 73. Kb5 Rc1 74. Rh7+ Kb8 75. Kc6 Rg1 76. Rb7+ Ka8 77. Rd7 Rg6+ 78. Rd6
Rg1 79. Kc7 Ka7 80. c6 Rh1 81. Kc8 Ka6 82. c7+ Ka7 83. Kd7 Rh7+ 84. Kc6 Rh8 85.
Rd8 Rh6+ 86. Kd5 Rh5+ 87. Ke4 Rc5 88. c8=R 1-0

[Event "4NCL Online Division 2"]
[Site "online"]
[Date "2020.05.26"]
[Round "8.33"]
[White "Garwood, Colin"]
[Black "Morley, Andrew J"]
[Result "1-0"]
[WhiteElo "2140"]
[BlackElo "2065"]
[PlyCount "93"]
[EventDate "2020.05.26"]
[WhiteTeam "CSC 1"]
[BlackTeam "Wigston 1"]

1. d4 Nf6 2. Bg5 g6 3. e3 Bg7 4. Nc3 d6 5. Bd3 O-O 6. Nf3 c6 7. O-O Qc7 8. a4
Nbd7 9. b4 Re8 10. Qe2 e5 11. dxe5 dxe5 12. e4 Nf8 13. Bc4 Ne6 14. Bxe6 Bxe6
15. Rfd1 Nh5 16. g3 h6 17. Be3 Bg4 18. Kg2 Qc8 19. a5 Qe6 20. Na4 Bh3+ 21. Kh1
Qg4 22. Ng1 Qxe2 23. Nxe2 Bg4 24. Rd2 Nf6 25. Nec3 Red8 26. Kg2 Rxd2 27. Bxd2
Rd8 28. Be3 Bf8 29. f3 Be6 30. Rb1 Bc4 31. Kf2 Kg7 32. Ke1 Ne8 33. Bxa7 f5 34.
Bb6 Rd7 35. Bc5 Rf7 36. Kf2 fxe4 37. Nxe4 Bd5 38. Bxf8+ Kxf8 39. Ke3 g5 40.
Nac5 Ng7 41. g4 Ne8 42. Rf1 Nc7 43. c3 Bc4 44. Rd1 Nd5+ 45. Kf2 Nf4 46. Nd6 Rd7
47. Nxd7+ 1-0

[Event "4NCL Online Division 2"]
[Site "online"]
[Date "2020.05.26"]
[Round "8.34"]
[White "Horspool, Philip J"]
[Black "Saidmurodov, Shahjahon"]
[Result "0-1"]
[WhiteElo "2057"]
[BlackElo "2132"]
[PlyCount "50"]
[EventDate "2020.05.26"]
[WhiteTeam "Wigston 1"]
[BlackTeam "CSC 1"]

1. e4 c5 2. Nc3 d6 3. f4 Nf6 4. Nf3 e6 5. Bb5+ Nfd7 6. O-O a6 7. Be2 Be7 8. d3
Nc6 9. Qe1 Nb4 10. Bd1 b5 11. Bd2 Bb7 12. a3 Nc6 13. f5 Bf6 14. fxe6 fxe6 15.
e5 Ndxe5 16. Nxe5 Nxe5 17. Ne4 O-O 18. Bc3 Bxe4 19. Qxe4 Qc7 20. Bh5 Qc6 21.
Qe2 Qd5 22. Rae1 g6 23. Bxe5 Qxe5 24. Bg4 Qxe2 25. Rxe2 Bd4+ 0-1

[Event "4NCL Online Division 2"]
[Site "online"]
[Date "2020.05.26"]
[Round "8.41"]
[White "John, Joshua"]
[Black "Twine, David"]
[Result "0-1"]
[WhiteElo "2042"]
[BlackElo "2072"]
[PlyCount "56"]
[EventDate "2020.05.26"]
[WhiteTeam "CSC 2"]
[BlackTeam "Plymouth"]

1. d4 Nf6 2. c4 g6 3. f3 Bg7 4. e4 d6 5. Nc3 O-O 6. Be3 c5 7. d5 e6 8. Qd2 exd5
9. cxd5 a6 10. Nge2 b5 11. g4 b4 12. Nd1 Bxg4 13. fxg4 Nxe4 14. Qc2 Qh4+ 15.
Nf2 Re8 16. Qd3 Bxb2 17. Rb1 Bc3+ 18. Nxc3 Nxf2 19. Qe2 Nxg4+ 20. Kd1 Rxe3 21.
Qd2 bxc3 22. Qc1 Qe1+ 23. Kc2 Qf2+ 24. Kb3 c2+ 25. Ka4 cxb1=Q 26. Qxb1 Qf4+ 27.
Ka5 Nd7 28. Qb7 Ra3# 0-1

[Event "4NCL Online Division 2"]
[Site "online"]
[Date "2020.05.26"]
[Round "8.42"]
[White "Pollock, Richard M"]
[Black "Bayat, Shohreh"]
[Result "0-1"]
[WhiteElo "2072"]
[BlackElo "2091"]
[PlyCount "68"]
[EventDate "2020.05.26"]
[WhiteTeam "Plymouth"]
[BlackTeam "CSC 2"]

1. b3 e5 2. Bb2 f6 3. e4 Nc6 4. Bc4 Nge7 5. Nh3 d5 6. exd5 Nxd5 7. Qh5+ g6 8.
Qf3 Be6 9. Nc3 Nd4 10. Qe4 Nxc3 11. dxc3 Bf5 12. Qxb7 Nxc2+ 13. Ke2 Rb8 14.
Qc6+ Bd7 15. Qd5 Bg4+ 16. f3 Qxd5 17. Bxd5 Nxa1 18. Bc6+ Bd7 19. Bxd7+ Kxd7 20.
Rd1+ Ke6 21. Bxa1 Bh6 22. Nf2 Rhd8 23. Ne4 Rxd1 24. Kxd1 Rd8+ 25. Ke1 f5 26.
Nc5+ Kd5 27. b4 Kc4 28. Bb2 Bd2+ 29. Ke2 Bxc3 30. Bxc3 Kxc3 31. a3 Rd2+ 32. Kf1
Ra2 33. Na6 Rxa3 34. Nxc7 Kxb4 0-1

[Event "4NCL Online Division 2"]
[Site "online"]
[Date "2020.05.26"]
[Round "8.43"]
[White "Lawson, Maurice E"]
[Black "O'brien, Megan E"]
[Result "1-0"]
[WhiteElo "1983"]
[BlackElo "1825"]
[PlyCount "49"]
[EventDate "2020.05.26"]
[WhiteTeam "CSC 2"]
[BlackTeam "Plymouth"]

1. e4 e6 2. d4 b6 3. Nc3 Bb7 4. Be3 Bb4 5. f3 Bxc3+ 6. bxc3 Ne7 7. Bd3 d6 8.
Ne2 Nd7 9. O-O c5 10. Ng3 Nf6 11. Qd2 h6 12. Rae1 Qd7 13. Qe2 Bc6 14. Bd2 O-O
15. f4 d5 16. e5 c4 17. exf6 cxd3 18. Qg4 Ng6 19. fxg7 Rfe8 20. Nh5 Qd8 21.
cxd3 Bd7 22. f5 Nh4 23. f6 Nf5 24. Re5 Qc8 25. Qf4 1-0

[Event "4NCL Online Division 2"]
[Site "online"]
[Date "2020.05.26"]
[Round "8.44"]
[White "Quinn, Martin"]
[Black "Fink-Nunn, Petra"]
[Result "1/2-1/2"]
[WhiteElo "1810"]
[BlackElo "1966"]
[PlyCount "73"]
[EventDate "2020.05.26"]
[WhiteTeam "Plymouth"]
[BlackTeam "CSC 2"]

1. e4 e5 2. Nf3 Nc6 3. Bc4 Nf6 4. d3 Bc5 5. Be3 Bb6 6. O-O d6 7. h3 Na5 8. Bb5+
c6 9. Ba4 Bxe3 10. fxe3 b5 11. Bb3 O-O 12. Nbd2 Nxb3 13. axb3 a5 14. Qe1 h6 15.
Nh4 d5 16. exd5 cxd5 17. Qf2 Re8 18. Nf5 Bxf5 19. Qxf5 Qd7 20. Qxd7 Nxd7 21.
Ra2 Nb6 22. Rfa1 a4 23. bxa4 Rxa4 24. Rxa4 Nxa4 25. b3 Nc3 26. Nb1 Nxb1 27.
Rxb1 Rc8 28. Rb2 f5 29. Kf2 Kf7 30. Ke2 h5 31. Kd2 h4 32. Ra2 Rc6 33. Ke2 Rg6
34. Kf2 Rc6 35. Ke2 Rg6 36. Kf2 Rc6 37. Ke2 1/2-1/2

[Event "4NCL Online Division 2"]
[Site "online"]
[Date "2020.05.26"]
[Round "8.51"]
[White "Tanmay Chopra"]
[Black "Martin, Lewis"]
[Result "1-0"]
[WhiteElo "2273"]
[BlackElo "2275"]
[PlyCount "43"]
[EventDate "2020.05.26"]
[WhiteTeam "Harrow 1"]
[BlackTeam "Downend 1"]

1. e4 c5 2. Nf3 d6 3. d4 cxd4 4. Nxd4 Nf6 5. Nc3 a6 6. Bg5 e6 7. f4 b5 8. e5
dxe5 9. fxe5 Qc7 10. exf6 Qe5+ 11. Be2 Qxg5 12. O-O Ra7 13. Qd3 Rd7 14. Ne4 Qe5
15. Nf3 Qc7 16. Qe3 g6 17. c4 bxc4 18. Rac1 Bb7 19. Rxc4 Nc6 20. Rfc1 Bd6 21.
Nxd6+ Qxd6 22. Bd1 1-0

[Event "4NCL Online Division 2"]
[Site "online"]
[Date "2020.05.26"]
[Round "8.52"]
[White "Conterno, Dominique"]
[Black "Nettleton, Charlie B"]
[Result "1/2-1/2"]
[WhiteElo "1907"]
[BlackElo "2125"]
[PlyCount "116"]
[EventDate "2020.05.26"]
[WhiteTeam "Downend 1"]
[BlackTeam "Harrow 1"]

1. e4 c5 2. Nf3 Nc6 3. d4 cxd4 4. Nxd4 Nf6 5. Nc3 e5 6. Ndb5 d6 7. Bg5 a6 8.
Na3 b5 9. Bxf6 gxf6 10. Nd5 f5 11. Bd3 Be6 12. Qh5 Bg7 13. O-O h6 14. Rad1 O-O
15. Ne3 f4 16. Nf5 Qf6 17. Nxd6 Bxa2 18. Nf5 Be6 19. c3 Rfd8 20. Nc2 Rd7 21.
Be2 Rad8 22. Rxd7 Rxd7 23. Rd1 Rxd1+ 24. Bxd1 Qg5 25. Nxg7 Kxg7 26. h4 Qxh5 27.
Bxh5 Bc4 28. Nb4 Nb8 29. Bg4 a5 30. Nd5 Bxd5 31. exd5 Kf8 32. d6 Ke8 33. Kf1
Nd7 34. Be2 b4 35. cxb4 axb4 36. Ke1 Nc5 37. Bb5+ Kd8 38. Ke2 Ne4 39. d7 Nc5
40. g3 fxg3 41. fxg3 Nxd7 42. Kd3 Nc5+ 43. Kc4 Ne4 44. g4 Nf6 45. g5 hxg5 46.
hxg5 Ne4 47. Kxb4 Nxg5 48. Kc5 Kc7 49. Kd5 f6 50. Be2 Kd7 51. Bg4+ Kc7 52. Be2
Kb6 53. b4 e4 54. Bf1 Nf3 55. Kxe4 Nd2+ 56. Kf5 Nxf1 57. Kxf6 Kb5 58. Kf5 Kxb4
1/2-1/2

[Event "4NCL Online Division 2"]
[Site "online"]
[Date "2020.05.26"]
[Round "8.53"]
[White "Coles, Steven F"]
[Black "Thompson, Robert"]
[Result "0-1"]
[WhiteElo "2080"]
[BlackElo "1985"]
[PlyCount "70"]
[EventDate "2020.05.26"]
[WhiteTeam "Harrow 1"]
[BlackTeam "Downend 1"]

1. d4 d6 2. Nf3 Nf6 3. Nc3 Nbd7 4. Bg5 g6 5. e4 Bg7 6. Qd2 h6 7. Bh4 c6 8. a4
Qc7 9. Bc4 O-O 10. h3 Nxe4 11. Nxe4 d5 12. Bxd5 cxd5 13. Nc3 Nf6 14. O-O Be6
15. Bxf6 exf6 16. Ne2 Rfe8 17. Nf4 Qd6 18. Nxe6 Rxe6 19. Rfe1 Re4 20. Rxe4 dxe4
21. Nh2 f5 22. c3 Re8 23. Re1 h5 24. Nf1 f4 25. Qe2 f5 26. Nd2 Kh7 27. Qb5 Qe7
28. Nc4 Rd8 29. Na5 Qg5 30. Kf1 f3 31. g3 h4 32. g4 Qf4 33. gxf5 Qh2 34. fxg6+
Kxg6 35. Rxe4 Qh1# 0-1

[Event "4NCL Online Division 2"]
[Site "online"]
[Date "2020.05.26"]
[Round "8.54"]
[White "Burroughs, Adam"]
[Black "Chan, Nevil"]
[Result "1-0"]
[WhiteElo "1847"]
[BlackElo "2042"]
[PlyCount "75"]
[EventDate "2020.05.26"]
[WhiteTeam "Downend 1"]
[BlackTeam "Harrow 1"]

1. e4 b6 2. d4 Bb7 3. Bd3 Nf6 4. Nc3 e6 5. Nge2 Be7 6. e5 Nd5 7. Nxd5 Bxd5 8.
O-O d6 9. f4 c5 10. c3 c4 11. Bc2 g6 12. Ng3 h5 13. Qe2 h4 14. Ne4 Bxe4 15.
Bxe4 d5 16. Bc2 Nd7 17. Qg4 Nf8 18. f5 exf5 19. Ba4+ Nd7 20. Qf3 O-O 21. Bh6 b5
22. Bxf8 Kxf8 23. Bc2 Nb6 24. Rae1 Qd7 25. Qf4 Qe6 26. Rf2 Kg7 27. Ref1 Rh8 28.
g4 hxg3 29. hxg3 Rh5 30. g4 Rg5 31. Rg2 Rxg4 32. Rxg4 fxg4 33. Kg2 Kf8 34. Qh6+
Ke8 35. Qh8+ Bf8 36. Rf6 Qe7 37. e6 fxe6 38. Bxg6+ 1-0

[Event "4NCL Online Division 2"]
[Site "online"]
[Date "2020.05.26"]
[Round "8.61"]
[White "Ball, Laurence"]
[Black "Burrows, Nick"]
[Result "0-1"]
[WhiteElo "2090"]
[BlackElo "2072"]
[PlyCount "60"]
[EventDate "2020.05.26"]
[WhiteTeam "Kent KJCA Kestrels B"]
[BlackTeam "Schach Attack"]

1. f4 d5 2. Nf3 g6 3. g3 Bg7 4. Bg2 c5 5. d3 Nf6 6. O-O O-O 7. Nc3 Nc6 8. e4 d4
9. Ne2 e5 10. f5 c4 11. h3 Re8 12. g4 b6 13. Ng3 Ba6 14. Ne1 Rc8 15. a3 Nd7 16.
Qf3 cxd3 17. cxd3 Na5 18. fxg6 fxg6 19. Bd2 Rf8 20. Qe2 Nb3 21. Rd1 Nxd2 22.
Qxd2 Qh4 23. Kh2 Bh6 24. g5 Bxg5 25. Qe2 Bf4 26. Qg4 Qxg4 27. hxg4 Nf6 28. Kh3
Bxg3 29. Kxg3 Nxe4+ 30. Kh4 g5+ 0-1

[Event "4NCL Online Division 2"]
[Site "online"]
[Date "2020.05.26"]
[Round "8.62"]
[White "Alizada, Eldar"]
[Black "Jugand, Jean-Baptiste"]
[Result "1/2-1/2"]
[WhiteElo "2057"]
[BlackElo "2065"]
[PlyCount "70"]
[EventDate "2020.05.26"]
[WhiteTeam "Schach Attack"]
[BlackTeam "Kent KJCA Kestrels B"]

1. d4 c6 2. c4 d5 3. Nc3 Nf6 4. Nf3 Bf5 5. cxd5 cxd5 6. Qb3 Qb6 7. Nxd5 Nxd5 8.
Qxd5 e6 9. Qb3 Nc6 10. e3 Qc7 11. Bd2 Bd6 12. Bd3 O-O 13. Bxf5 exf5 14. O-O Qe7
15. Rac1 g5 16. e4 g4 17. e5 gxf3 18. exd6 Qxd6 19. Qxf3 Nxd4 20. Qd3 Rad8 21.
Bc3 Qf4 22. Rfd1 Ne6 23. Qg3+ Qxg3 24. hxg3 h5 25. Kh2 Kh7 26. Be5 Kg6 27. Bd6
Rfe8 28. Rd2 Rd7 29. Rcd1 Red8 30. Bb4 Rxd2 31. Rxd2 Rxd2 32. Bxd2 a6 33. Kg1
Nc5 34. Kf1 Kf6 35. Ke2 Ke5 1/2-1/2

[Event "4NCL Online Division 2"]
[Site "online"]
[Date "2020.05.26"]
[Round "8.63"]
[White "Merriman, James"]
[Black "Moyse, Nigel John"]
[Result "0-1"]
[WhiteElo "1997"]
[BlackElo "2035"]
[PlyCount "94"]
[EventDate "2020.05.26"]
[WhiteTeam "Kent KJCA Kestrels B"]
[BlackTeam "Schach Attack"]

1. d4 Nf6 2. c4 g6 3. Nc3 Bg7 4. e4 d6 5. Nge2 O-O 6. Ng3 c5 7. d5 e6 8. Be2
exd5 9. cxd5 a6 10. a4 Qa5 11. Bg5 Nbd7 12. O-O Qc7 13. Qd2 Re8 14. Rac1 Qa5
15. h3 Rb8 16. Bf4 Ne5 17. Qc2 b5 18. axb5 axb5 19. Ra1 Qb6 20. Bxb5 Bd7 21.
Bxd7 Nfxd7 22. Rfb1 c4 23. Be3 Qb3 24. Qd2 Ra8 25. Bd4 Nd3 26. Bxg7 Kxg7 27.
Rxa8 Rxa8 28. Nge2 Qb6 29. Nf4 N7e5 30. Nxd3 Nxd3 31. Nd1 Qd4 32. Qc3 Qxc3 33.
Nxc3 Rb8 34. Nd1 Kf6 35. Kf1 Ke5 36. Ne3 Kd4 37. Ke2 Rxb2+ 38. Rxb2 Nxb2 39.
Kd2 c3+ 40. Kc2 Nd3 41. Nd1 Ne1+ 42. Kc1 Nxg2 43. Kc2 Ne1+ 44. Kc1 Nd3+ 45. Kc2
Nb4+ 46. Kc1 Kd3 47. f3 Na2+ 0-1

[Event "4NCL Online Division 2"]
[Site "online"]
[Date "2020.05.26"]
[Round "8.64"]
[White "MacQueen, Stuart"]
[Black "Soyel, Hamit"]
[Result "0-1"]
[WhiteElo "2095"]
[BlackElo "1892"]
[PlyCount "70"]
[EventDate "2020.05.26"]
[WhiteTeam "Schach Attack"]
[BlackTeam "Kent KJCA Kestrels B"]

1. d4 Nf6 2. c4 g6 3. Nc3 d5 4. cxd5 Nxd5 5. e4 Nxc3 6. bxc3 Bg7 7. Be3 c5 8.
Qd2 Nc6 9. d5 Qa5 10. Rc1 Ne5 11. h3 O-O 12. f4 Nd7 13. e5 b6 14. Nf3 Bb7 15.
Be2 c4 16. Bxc4 Rac8 17. Bb3 Nc5 18. c4 Nd3+ 19. Ke2 Nxc1+ 20. Rxc1 Qxd2+ 21.
Bxd2 Rfd8 22. g3 h5 23. Nd4 a6 24. a4 Bf8 25. Be3 Bg7 26. h4 Bf8 27. Ba2 b5 28.
axb5 axb5 29. Nxb5 Ba6 30. Kd3 Rb8 31. Nc7 Bc8 32. Bd4 Bf5+ 33. Kd2 Rb7 34. Nb5
Rc8 35. Ke3 Rxb5 0-1

[Event "4NCL Online Division 2"]
[Site "online"]
[Date "2020.05.26"]
[Round "8.71"]
[White "Foord, Dominic"]
[Black "Starley, Robert"]
[Result "0-1"]
[WhiteElo "2267"]
[BlackElo "2147"]
[PlyCount "60"]
[EventDate "2020.05.26"]
[WhiteTeam "Liverpool"]
[BlackTeam "Yorkshire Universities"]

1. d4 Nf6 2. c4 e6 3. g3 d5 4. Nf3 Be7 5. Bg2 O-O 6. O-O c6 7. Qc2 b6 8. b3
Nbd7 9. Ba3 Bxa3 10. Nxa3 Qe7 11. Qb2 Bb7 12. Nc2 Rfc8 13. Rfd1 a5 14. Ne5 Nxe5
15. dxe5 Nd7 16. Ne3 b5 17. Rac1 Ba6 18. a3 b4 19. a4 Rab8 20. Bf1 Nc5 21. cxd5
cxd5 22. Nc2 Ne4 23. Nd4 Nc3 24. Re1 Qa7 25. Qd2 Rc7 26. Bg2 Rbc8 27. e3 h6 28.
f4 Qb6 29. f5 exf5 30. Nxf5 Ne2+ 0-1

[Event "4NCL Online Division 2"]
[Site "online"]
[Date "2020.05.26"]
[Round "8.72"]
[White "Wagg, Joel"]
[Black "Griffin, Michael"]
[Result "1-0"]
[WhiteElo "1967"]
[BlackElo "1990"]
[PlyCount "127"]
[EventDate "2020.05.26"]
[WhiteTeam "Yorkshire Universities"]
[BlackTeam "Liverpool"]

1. e4 c5 2. Nf3 e6 3. b3 b6 4. Bb2 Bb7 5. Nc3 a6 6. d4 cxd4 7. Nxd4 Qc7 8. Bd3
Nf6 9. O-O Bb4 10. Nde2 Ng4 11. g3 Nc6 12. a3 Be7 13. Nf4 Nce5 14. b4 h5 15.
Re1 g5 16. Ng2 f5 17. h3 Nxd3 18. cxd3 Ne5 19. Nd5 exd5 20. exd5 d6 21. f4 gxf4
22. gxf4 Rg8 23. Qxh5+ Ng6 24. Rxe7+ Kxe7 25. Qxf5 Raf8 26. Qe6+ Kd8 27. Bf6+
Ne7 28. Re1 Rxg2+ 29. Kxg2 Bxd5+ 30. Qxd5 Rxf6 31. Qa8+ Qc8 32. Qe4 Qc6 33. Kg3
Qxe4 34. dxe4 Kd7 35. h4 Ng6 36. Rf1 Ne5 37. h5 Ke7 38. Rc1 Nd7 39. Rc7 Ke6 40.
Kg4 Rf7 41. Kg5 Rg7+ 42. Kh4 Rh7 43. Kg5 Rg7+ 44. Kh4 d5 45. Rc6+ Ke7 46. exd5
Rg1 47. h6 Nf8 48. f5 Rd1 49. Rxb6 Rxd5 50. Kg5 Nh7+ 51. Kg6 Nf8+ 52. Kg5 Nh7+
53. Kf4 Rd6 54. Rb7+ Rd7 55. Rxd7+ Kxd7 56. Ke5 Ke7 57. a4 Nf6 58. b5 axb5 59.
axb5 Kf7 60. Kd6 Ne4+ 61. Kc6 Ng3 62. b6 Nxf5 63. b7 Nd4+ 64. Kd7 1-0

[Event "4NCL Online Division 2"]
[Site "online"]
[Date "2020.05.26"]
[Round "8.73"]
[White "Clarke, Michael"]
[Black "Lopez Cadenas, Nestor"]
[Result "1-0"]
[WhiteElo "1795"]
[BlackElo "1933"]
[PlyCount "67"]
[EventDate "2020.05.26"]
[WhiteTeam "Liverpool"]
[BlackTeam "Yorkshire Universities"]

1. d4 e6 2. Nc3 Nf6 3. Bf4 d5 4. e3 Bd6 5. Nf3 O-O 6. Bd3 c5 7. dxc5 Bxf4 8.
exf4 Qc7 9. Ne2 Qxc5 10. O-O Nc6 11. c3 b6 12. Ned4 Bb7 13. Re1 Ne7 14. Ne5
Rad8 15. Qf3 Ne4 16. Qh3 Nf5 17. Nef3 h6 18. Rad1 Rfe8 19. g4 Nxd4 20. Nxd4 Qc7
21. Qe3 Nf6 22. h3 Nd7 23. Bc2 e5 24. fxe5 Rxe5 25. Qg3 Rde8 26. Kg2 Qd8 27.
Rxe5 Rxe5 28. f4 Re7 29. g5 h5 30. g6 fxg6 31. Qxg6 Nf6 32. Nf5 d4+ 33. Kf2 Rf7
34. Nh6+ 1-0

[Event "4NCL Online Division 2"]
[Site "online"]
[Date "2020.05.26"]
[Round "8.74"]
[White "Chen, Matthew"]
[Black "Korsinskij, Marek"]
[Result "0-1"]
[WhiteElo "1892"]
[BlackElo "1682"]
[PlyCount "32"]
[EventDate "2020.05.26"]
[WhiteTeam "Yorkshire Universities"]
[BlackTeam "Liverpool"]

1. e4 c5 2. Nf3 d6 3. d4 cxd4 4. Nxd4 Nf6 5. Nc3 a6 6. Bg5 e6 7. f4 Be7 8. Qf3
Nc6 9. O-O-O Bd7 10. Nb3 Qc7 11. f5 b5 12. Bd3 Rc8 13. g4 b4 14. Nb1 Ne5 15.
Qe2 Nxd3+ 16. Qxd3 Bb5 0-1

[Event "4NCL Online Division 2"]
[Site "online"]
[Date "2020.05.26"]
[Round "8.81"]
[White "Jarmany, John"]
[Black "Fraser-Mitchell, Jeremy N"]
[Result "1-0"]
[WhiteElo "2207"]
[BlackElo "2058"]
[PlyCount "149"]
[EventDate "2020.05.26"]
[WhiteTeam "Maryport Assassins A"]
[BlackTeam "St Albans 1"]

1. e4 Nc6 2. Nf3 Nf6 3. e5 Ng4 4. d4 d6 5. h3 Nh6 6. Bxh6 gxh6 7. Bb5 a6 8.
Bxc6+ bxc6 9. c3 Rg8 10. g3 Rb8 11. Qc2 dxe5 12. dxe5 Qd5 13. Nbd2 Rg6 14. a3
c5 15. c4 Qb7 16. O-O-O Bf5 17. Qc3 Rb6 18. b3 Bg7 19. Rhe1 Bxh3 20. Qd3 Qc8
21. Re3 Bf5 22. Qd5 Be6 23. Qxc5 Qb7 24. Nd4 Bg4 25. f3 Bd7 26. Ne4 Ba4 27.
bxa4 Rb1+ 28. Kd2 Rxd1+ 29. Kxd1 Qb1+ 30. Ke2 Rb2+ 31. Nd2 Qg1 32. Qc6+ Kd8 33.
Qd5+ Ke8 34. Kd3 Qc1 35. Re2 h5 36. c5 e6 37. Qa8+ Ke7 38. Qc6 Bxe5 39. Qe4
Bxd4 40. Qxd4 Rc2 41. Ke3 Rxc5 42. Kf2 Rd5 43. Qb4+ Kf6 44. Qf4+ Kg6 45. Qe4+
Kg7 46. Qf4 Qh1 47. Ne4 Qh2+ 48. Ke3 Qg1+ 49. Rf2 Qc1+ 50. Rd2 Qxa3+ 51. Kf2
Rxd2+ 52. Qxd2 Qxa4 53. Qg5+ Kf8 54. Qd8+ Kg7 55. Qxc7 Qa2+ 56. Ke3 Qa3+ 57.
Kf4 Qb2 58. Qc5 h6 59. Qe5+ Qxe5+ 60. Kxe5 f5 61. Nf6 Kg6 62. f4 a5 63. Kxe6 a4
64. Nd5 a3 65. Nc3 h4 66. gxh4 Kh5 67. Kxf5 Kxh4 68. Kg6 Kg4 69. f5 h5 70. f6
h4 71. f7 h3 72. f8=Q Kg3 73. Qf1 Kh2 74. Kg5 a2 75. Ne2 1-0

[Event "4NCL Online Division 2"]
[Site "online"]
[Date "2020.05.26"]
[Round "8.82"]
[White "Collopy, Robert"]
[Black "Jarmany, David"]
[Result "0-1"]
[WhiteElo "2012"]
[BlackElo "2267"]
[PlyCount "50"]
[EventDate "2020.05.26"]
[WhiteTeam "St Albans 1"]
[BlackTeam "Maryport Assassins A"]

1. d4 d5 2. c4 Nc6 3. Nf3 Bg4 4. e3 e5 5. dxe5 dxc4 6. Qxd8+ Rxd8 7. Nc3 Bxf3
8. gxf3 Nxe5 9. f4 Nd3+ 10. Bxd3 cxd3 11. Bd2 Nf6 12. O-O c6 13. e4 Bb4 14.
Rfe1 O-O 15. Rad1 Rfe8 16. f3 Nh5 17. a3 Bxc3 18. bxc3 f5 19. e5 Kf7 20. Kf2 g6
21. c4 Rd4 22. Rc1 Nxf4 23. Be3 d2 24. Bxd4 dxc1=Q 25. Rxc1 Nd3+ 0-1

[Event "4NCL Online Division 2"]
[Site "online"]
[Date "2020.05.26"]
[Round "8.83"]
[White "Davis, Holden"]
[Black "Gemmell, John"]
[Result "1-0"]
[WhiteElo "1982"]
[BlackElo "1930"]
[PlyCount "123"]
[EventDate "2020.05.26"]
[WhiteTeam "Maryport Assassins A"]
[BlackTeam "St Albans 1"]

1. e4 c5 2. d4 cxd4 3. c3 dxc3 4. Nxc3 Nc6 5. Nf3 d6 6. Bc4 e6 7. O-O Nf6 8.
Qe2 a6 9. Rd1 Qc7 10. Bf4 Be7 11. e5 dxe5 12. Nxe5 Nxe5 13. Bxe5 Qb6 14. a3 O-O
15. b4 Bd7 16. Bd4 Qc7 17. Be5 Qb6 18. Rac1 Rfd8 19. Rd3 Rac8 20. Rg3 Bb5 21.
Bxb5 Qxb5 22. Qe3 Qd7 23. Qh6 g6 24. Rf1 Qd2 25. Qxd2 Rxd2 26. Bxf6 Bxf6 27.
Ne4 Be5 28. Nxd2 Bxg3 29. hxg3 Rc2 30. Ne4 Ra2 31. Nc5 b6 32. Nd7 Rxa3 33. Nxb6
Rb3 34. Ra1 Rxb4 35. Rxa6 Kg7 36. Nd7 Rb5 37. f4 g5 38. Ne5 Rb4 39. Ra7 gxf4
40. Rxf7+ Kg8 41. gxf4 Re4 42. Rf6 Kg7 43. Rxe6 Rxf4 44. Nf3 h5 45. Kh2 Ra4 46.
Kh3 Rb4 47. Ra6 Rc4 48. Rg6+ Kh7 49. Rd6 Ra4 50. Rd4 Ra2 51. g3 Ra5 52. Kh4 Kg6
53. Rd6+ Kg7 54. Ng5 Ra3 55. Ne6+ Kh7 56. Nf4 Ra1 57. Nxh5 Rh1+ 58. Kg5 Rg1 59.
Rd7+ Kg8 60. g4 Rg2 61. Nf6+ Kf8 62. Kg6 1-0

[Event "4NCL Online Division 2"]
[Site "online"]
[Date "2020.05.26"]
[Round "8.84"]
[White "Ellis, Aidan B"]
[Black "Sharkey, Gary"]
[Result "1-0"]
[WhiteElo "1967"]
[BlackElo "1765"]
[PlyCount "61"]
[EventDate "2020.05.26"]
[WhiteTeam "St Albans 1"]
[BlackTeam "Maryport Assassins A"]

1. e4 d5 2. exd5 Nf6 3. Bb5+ Nbd7 4. Nc3 a6 5. Bc4 Nb6 6. Bb3 Nbxd5 7. Nxd5
Nxd5 8. Nf3 Bg4 9. O-O e5 10. h3 Bh5 11. Re1 c6 12. Rxe5+ Be7 13. Rxh5 O-O 14.
Re5 Bd6 15. Re1 Nf4 16. d4 Ng6 17. Bg5 Qd7 18. Qd3 Kh8 19. Rad1 h6 20. Bd2 Bc7
21. Ne5 Nxe5 22. dxe5 Qe7 23. e6 fxe6 24. Rxe6 Qh4 25. Be3 Rad8 26. Qe2 Rxd1+
27. Qxd1 Rd8 28. Qe2 Qb4 29. c3 Qf8 30. Bd4 Qf4 31. Re8+ 1-0

[Event "4NCL Online Division 2"]
[Site "online"]
[Date "2020.05.26"]
[Round "8.91"]
[White "Gardner, James"]
[Black "Thorpe, Thomas"]
[Result "0-1"]
[WhiteElo "2132"]
[BlackElo "2027"]
[PlyCount "60"]
[EventDate "2020.05.26"]
[WhiteTeam "MK Phoenix 1"]
[BlackTeam "Exeter Honey Badgers"]

1. d4 g6 2. Bf4 Bg7 3. Nc3 d6 4. e4 Nd7 5. Nf3 e5 6. dxe5 dxe5 7. Bg5 Ngf6 8.
Bc4 O-O 9. Qe2 c6 10. Rd1 Qc7 11. h3 b5 12. Bb3 a5 13. a3 Nc5 14. Bxf6 Bxf6 15.
Qe3 Nxb3 16. cxb3 Be6 17. O-O Qe7 18. Ne2 Rfd8 19. Rc1 Rac8 20. a4 Qb4 21. Rc3
Rd4 22. Ng3 bxa4 23. bxa4 c5 24. Rfc1 Qxb2 25. Rxc5 Rxc5 26. Rxc5 Rxa4 27. h4
h5 28. Ng5 Ra1+ 29. Kh2 Bxg5 30. hxg5 h4 0-1

[Event "4NCL Online Division 2"]
[Site "online"]
[Date "2020.05.26"]
[Round "8.92"]
[White "O'Neill, Paul"]
[Black "Brown, Alan M"]
[Result "1-0"]
[WhiteElo "2052"]
[BlackElo "2008"]
[PlyCount "149"]
[EventDate "2020.05.26"]
[WhiteTeam "Exeter Honey Badgers"]
[BlackTeam "MK Phoenix 1"]

1. d4 Nf6 2. c4 e6 3. Nc3 Bb4 4. Qc2 Nc6 5. Nf3 O-O 6. Bg5 d6 7. O-O-O Bxc3 8.
bxc3 Qe7 9. e3 e5 10. h3 b6 11. Bh4 Bb7 12. d5 Nb8 13. g4 h6 14. g5 hxg5 15.
Nxg5 Qe8 16. Rg1 Nbd7 17. f3 Kh8 18. Qf5 Nc5 19. Ne4 Ncxe4 20. fxe4 Bc8 21. Qg5
Rg8 22. Rd2 Nh7 23. Qh5 f6 24. Qd1 Bd7 25. Be2 Qe7 26. Bg4 Raf8 27. Bf5 Bxf5
28. exf5 Qf7 29. Rg6 Qd7 30. e4 Rf7 31. Rdg2 Rgf8 32. Kd2 b5 33. cxb5 Qxb5 34.
Qb3 Qxb3 35. axb3 Rb8 36. Kc2 Rb6 37. R6g4 Kg8 38. Bf2 Rb7 39. Rg1 Nf8 40. Be3
Kh8 41. Ra1 Nd7 42. Bxa7 Rf8 43. Be3 Rfb8 44. b4 Rc8 45. Rag1 c5 46. bxc5 Nxc5
47. Bxc5 Rxc5 48. R4g3 Ra5 49. Kd3 Ra4 50. R1g2 Ra3 51. Rc2 Rc7 52. Rg1 Rb7 53.
Rgg2 Rbb3 54. h4 Ra4 55. h5 Rd4+ 56. Ke3 Rc4 57. h6 gxh6 58. Rg6 Rbxc3+ 59.
Rxc3 Rxc3+ 60. Kd2 Rc4 61. Kd3 Rd4+ 62. Ke3 Rb4 63. Rxf6 Rb6 64. Rxh6+ Kg7 65.
Re6 Kf7 66. Kf3 Rb3+ 67. Kg4 Re3 68. Kg5 Rxe4 69. Rxd6 Rd4 70. f6 e4 71. Rd7+
Ke8 72. Re7+ Kf8 73. Kg6 Rxd5 74. Ra7 Rd8 75. Rh7 1-0

[Event "4NCL Online Division 2"]
[Site "online"]
[Date "2020.05.26"]
[Round "8.93"]
[White "Cox, Toby"]
[Black "Lowe, Chris"]
[Result "0-1"]
[WhiteElo "2020"]
[BlackElo "2027"]
[PlyCount "28"]
[EventDate "2020.05.26"]
[WhiteTeam "MK Phoenix 1"]
[BlackTeam "Exeter Honey Badgers"]

1. e4 d5 2. exd5 Nf6 3. c4 e6 4. dxe6 Bxe6 5. d4 Bb4+ 6. Bd2 Qe7 7. Bxb4 Qxb4+
8. Qd2 Nc6 9. d5 O-O-O 10. a3 Qe7 11. Qe3 Ng4 12. Qe2 Nd4 13. Qe4 Qf6 14. f3
Bf5 0-1